000 00823nam a22002657a 4500
001 BR7701882
003 BR-BrBNA
005 20240318104928.0
007 ta
008 230509b bl.||||| |||| 00| 0 por d
040 _aBR-BrBNA
_bpor
_cBiblioteca Nacional de Agricultura
041 _a(Por)
072 _aB50; E10
_b/G514
090 _aB50
_bBR7701882
100 1 _aCastro, Antonio Barros de
110 1 _aEscola Interamericana de Administracao Publica, Rio de Janeiro, RJ (Brasil). Centro de Pos-Graduacao em Desenvolvimento Agricola
_94315
245 1 _aEm torno a questao das tecnicas no escravismo [Brasil]
260 3 _aRio de Janeiro, RJ (Brasil):
_c1977.
300 _a23 p.
650 _aHistoria
650 _aMacroeconomia
650 _aMao-de-obra
650 _aEstrutura agraria
942 _cBK
_2AGRIS
999 _c23459
_d23459